[Event "Regionalliga NW 1516"]
[Site "Bayern"]
[Date "2016.01.17"]
[Round "5.5"]
[White "Demar, Stefan"]
[Black "Strobel, Walter"]
[Result "1/2-1/2"]
[WhiteElo "1759"]
[BlackElo "2035"]
[PlyCount "61"]
[EventDate "2015.10.11"]
[EventType "team-tourn"]
[EventRounds "9"]
[EventCountry "GER"]
[SourceTitle "EXT 2018"]
[Source "ChessBase"]
[SourceDate "2017.10.13"]
[SourceVersion "1"]
[SourceVersionDate "2017.10.13"]
[SourceQuality "1"]
[WhiteTeam "Bad Koenigshofen"]
[BlackTeam "Klingenberg"]
[WhiteTeamCountry "GER"]
[BlackTeamCountry "GER"]

1. d4 Nf6 2. Nf3 g6 3. Bf4 Bg7 4. e3 0-0 5. Nbd2 d5 6. Bd3 c5 7. c3 Nc6 8. 0-0 Nh5 9. Bg5 h6 10. Bh4 cxd4 11. exd4 Nf4 12. Bc2 Be6 13. Re1 Bg4 14. h3 Bh5 15. Kh2 Qd7 16. Nb3 b6 17. Nc1 g5 18. Bg3 Ne6 19. Nd3 f5 20. Nde5 Nxe5 21. Bxe5 Rf7 22. Qd3 Bxf3 23. Qxf3 Nf8 24. Bxg7 Kxg7 25. Re5 e6 26. Rae1 Re8 27. Qe2 Rd8 28. Qh5 Rf6 29. Qe2 Rf7 30. Qe3 Rf6 31. Bd1 1/2-1/2

[Event "Regionalliga NW 1516"]
[Site "Bayern"]
[Date "2015.10.25"]
[Round "2.4"]
[White "Demar, Stefan"]
[Black "Susallek, Markus"]
[Result "0-1"]
[WhiteElo "1759"]
[BlackElo "1921"]
[PlyCount "154"]
[EventDate "2015.10.11"]
[EventType "team-tourn"]
[EventRounds "9"]
[EventCountry "GER"]
[SourceTitle "EXT 2018"]
[Source "ChessBase"]
[SourceDate "2017.10.13"]
[SourceVersion "1"]
[SourceVersionDate "2017.10.13"]
[SourceQuality "1"]
[WhiteTeam "Bad Koenigshofen"]
[BlackTeam "Moembris"]
[WhiteTeamCountry "GER"]
[BlackTeamCountry "GER"]

1. d4 Nf6 2. Bf4 g6 3. Nf3 Bg7 4. c4 0-0 5. Nc3 d5 6. e3 c5 7. dxc5 Qa5 8. Qb3 Ne4 9. Be5 Bxe5 10. Nxe5 Nxc5 11. Qb5 Qc7 12. Nd3 Nxd3+ 13. Bxd3 dxc4 14. Bxc4 Bd7 15. Qb3 Nc6 16. Be2 Be6 17. Qc2 Rac8 18. 0-0 Ne5 19. Qa4 Qb6 20. Qb5 Qxb5 21. Bxb5 Bc4 22. Rfd1 Bxb5 23. Nxb5 Rc2 24. Nxa7 Ra8 25. Nb5 Rxb2 26. a4 Ng4 27. Rf1 Nxf2 28. Nc7 Rc8 29. Rxf2 Rxf2 30. Kxf2 Rxc7 31. Rb1 Kf8 32. Rb4 Ke8 33. Ke2 Rc2+ 34. Kf3 Rc7 35. Ke2 Kd7 36. Kd3 Kc8 37. g4 Rc5 38. Rf4 f6 39. Kd2 Kc7 40. Re4 Kd6 41. Rb4 Kc6 42. Re4 e5 43. Rb4 b6 44. h3 Rd5+ 45. Ke2 Ra5 46. Kd3 f5 47. gxf5 gxf5 48. Rc4+ Kd5 49. Rb4 e4+ 50. Kc3 Rc5+ 51. Kd2 Kc6 52. Kd1 Rc3 53. Kd2 Rd3+ 54. Ke2 Ra3 55. Kf2 Ra2+ 56. Kg3 Re2 57. Kf4 Rf2+ 58. Ke5 Rf3 59. h4 h5 60. Kf6 f4 61. exf4 Kd5 62. Kf5 e3 63. Re4 Rg3 64. Re5+ Kd4 65. Ke6 Rg6+ 66. Kf5 Rg4 67. Re4+ Kd3 68. Ke5 Rxh4 69. Rd4+ Kc3 70. Rd1 e2 71. Ra1 Kd2 72. Ra2+ Ke1 73. f5 Kf1 74. Ra1+ e1Q+ 75. Rxe1+ Kxe1 76. f6 Rxa4 77. f7 Ra8 0-1

[Event "Unterfranken-ch HB 62th"]
[Site "Gerolzhofen"]
[Date "2011.04.28"]
[Round "6"]
[White "Demar, Stefan"]
[Black "Liebler, Juergen"]
[Result "0-1"]
[WhiteElo "1412"]
[BlackElo "1676"]
[PlyCount "120"]
[EventDate "2011.04.25"]
[EventType "swiss"]
[EventRounds "9"]
[EventCountry "GER"]
[SourceTitle "EXT 2015"]
[Source "ChessBase"]
[SourceDate "2014.11.20"]
[SourceVersion "1"]
[SourceVersionDate "2014.11.20"]
[SourceQuality "1"]

1. d4 b6 2. c4 Bb7 3. Nc3 e6 4. Bf4 Nf6 5. e3 Be7 6. Nf3 0-0 7. Be2 d6 8. 0-0 Nh5 9. Bg3 Nxg3 10. hxg3 Nd7 11. Rc1 f5 12. b3 Rf6 13. d5 e5 14. e4 Nc5 15. Bd3 f4 16. gxf4 Rxf4 17. Qc2 Qd7 18. Ne2 Rxf3 19. gxf3 Qh3 20. Ng3 Bg5 21. Rcd1 h5 22. Rfe1 Nxd3 23. Qxd3 h4 24. Qf1 Qd7 25. Nf5 Qf7 26. Qg2 Qf6 27. Ne3 Rf8 28. Ng4 Qxf3 29. Qxf3 Rxf3 30. Kg2 Rc3 31. Re2 h3+ 32. Kg1 Bc8 33. Nh2 Bf4 34. Rde1 g5 35. Kh1 Kg7 36. Rg1 Bd7 37. Nf1 b5 38. Ne3 bxc4 39. bxc4 Be8 40. Rc2 Ra3 41. Nf5+ Kf6 42. Ng3 Bg6 43. Re2 Rc3 44. Kh2 g4 45. Rge1 Rxc4 46. Kg1 Rc3 47. Nf1 Kg5 48. Rb2 Rc4 49. Rbe2 Bc1 50. Ng3 Ba3 51. Rb1 Bc5 52. Rbe1 Bb6 53. Rb1 Ba5 54. Rbb2 Rd4 55. Rb1 Rxd5 56. exd5 Bxb1 57. Nf1 Bb6 58. a4 Bd3 59. Rb2 Kf4 60. Nd2 g3 0-1